000 00507nam a2200169Ia 4500
003 GCL
008 140319s9999 xx 000 0 ara d
040 _aGCL /
_cGCL
082 0 4 _aط
_b813.087
_bن م
100 1 _aنهضة مصر
245 1 0 _aمغامرات مع الحوت الاحدب /
_cنهضة مصر
490 _aمغامرات حقيقية مصورة فى اعالى البحار
_v0
650 0 4 _aالاطفال
650 0 4 _aالقصص
650 0 4 _aقصص الاطفال
942 _2ddc
_cBK
999 _c42423
_d42423